| 000 | 00472nam a22001697a 4500 | ||
|---|---|---|---|
| 003 | OSt | ||
| 005 | 20221103191700.0 | ||
| 008 | 150522b xxu||||| |||| 00| 0 eng d | ||
| 020 | _a0 9581597 1 8 | ||
| 040 | _cBiblioteca Lado V | ||
| 082 |
_a750 _bT985e |
||
| 100 |
_9312 _aTaylor, Alex _eeditor |
||
| 245 | _aExperimenta House of Tomorrow/ | ||
| 260 |
_c2003 _bBambra Press _aAustralia |
||
| 300 |
_a84p. _c21x21cm |
||
| 942 |
_2ddc _c1 _h750 _iT985e _n0 |
||
| 999 |
_c2503 _d2503 |
||